00393nam a22001457a 4500003000400000008004100004020001800045082001200063100001700075245004300092250001600135260004500151300000800196650004300204OSt220415b ||||| |||| 00| 0 eng d a9780195622720 a428 HOG aHORNBY, A.S. aGuide To Patterns and Usage in English a2nd Edition aNew DelhibOxford University Pressc2016 a238 aGuide To Patterns and Usage in English